| 000 | 00361nam a2200157Ia 4500 | ||
|---|---|---|---|
| 008 | 230917s9999||||xx |||||||||||||| ||und|| | ||
| 020 | _cPON3.5 | ||
| 040 |
_e24202 _aMAIN |
||
| 041 | _aEnglish | ||
| 082 | _a821.8 E46W:C | ||
| 100 | _aCox, C B | ||
| 245 | 0 | _aT S Eliot: The waste land | |
| 260 |
_aLondon _bMacmillan _c1968 |
||
| 300 | _a247 p. | ||
| 942 | _cBK | ||
| 999 |
_c42691 _d42691 |
||